000 00957nam a2200265Ia 4500
003 OSt
005 20221005111352.0
006 a|||||r|||| 00| 0
007 ta
008 221004b |||||||| |||| 00| 0 hin d
020 _a9789350727638 (hbk)
_c325
024 _a20018
037 _b515, 21/03/2015, Vani Prakashan
_cTextual
040 _aCRL
_cCRL
_bhin
041 _2hin
_ahin
082 _aO152,1N71x, Q5
100 _aचतुर्वेदी, पंकज
245 0 _aरक्तचाप और अन्य कविताएॅं
246 _aRaktachāp aur anya kavitāeॅan
260 _aनई दिल्ली
_bवाणी प्रकाशन भारत
_c2015
300 _a144पृ0
_ccm.
650 _aहिन्दी साहित्य
942 _hO152,1N71x, Q5
_cTEXL
_2cc
999 _c1021626
_d1021626